00350 a2200145 4500003000400000005001700004008004100021020001500062020001500077040000900092082001700101245003300118260004400151300000900195OSt20231207140129.0231207b |||||||| |||| 00| 0 eng d a8189645463 a8189645803 coclc a959.3bSYE/W aWorld infopaedia. Thailand / aNew Delhi:bPragun publications,c2007. a504p